000 00365nam a22001337a 4500
082 _a355.009
_bDER
100 _aGoltz, Der
_949604
245 _aJena to eylau
_cGoltz, Der
260 _aLondon
_bKegan paul, trench, trubner & co ltd
_c1913
300 _a330p.:
_bill,;
_c20 cm.
526 _a0
_b0
_c0
_d355_009000000000000_DER
650 _aMCE
_9379
942 _2ddc
_cBK
999 _c552390
_d552390